00378nam a2200157Ia 4500008004100000020001800041245001900059245004500078260001500123260001600138260000900154300001400163300002500177300001000202500000800212170705s9999 xx 000 0 und d a9780545231367 aTony baloney / cPam Muñoz Ryan and Edwin Fotheringham. aNew York : bScholastic, c2011 aunpaged : bcolor illustration ; c23cm. a880